000
00301nam a2200133Ia 4500
008
231129s1970||||xx |||||||||||||| ||spa||
040
_b
spa
082
_a
M863.44 S765c
100
_a
Spota Luis
245
0
_a
La carcajada del gato
260
_c
1970
264
_a
Joaquin Mortiz
942
_2
ddc
_c
BKS
999
_c
16555
_d
16555